Hernán Cortés : poema épico, en tres actos y en verso /
Francisco Villaespesa (1877-1936) poeta y dramaturgo español. Estudia en la Universidad de Granada y se establece en Madrid hacia 1897 en donde publica y funda revistas. Su vida fue bohemia y aventurera. Recorre América, en donde da conferencias, estrena dramas y organiza empresas teatrales, tiene é...
Сохранить в:
| Главный автор: | |
|---|---|
| Формат: | |
| Язык: | испанский |
| Предметы: | |
| Метки: |
Нет меток, Требуется 1-ая метка записи!
|
MARC
| LEADER | 00000nam^a2200000^a^4500 | ||
|---|---|---|---|
| 001 | 000388861 | ||
| 005 | 20250526000000.0 | ||
| 009 | 20260310121106.079 | ||
| 037 | |a Acervo ITESO - Biblioteca | ||
| 041 | |a ESP | ||
| 082 | |a 862. |b VIL | ||
| 100 | |a Villaespesa, Francisco |e (autor) | ||
| 245 | 1 | 0 | |a Hernán Cortés : |b poema épico, en tres actos y en verso / |c F. Villaespesa. |
| 264 | |a México : |b Librería de la Viuda de Ch. Bouret, |c 1917 | ||
| 300 | |a 218 p. ; |c 19.5 cm. | ||
| 336 | |a texto |b txt |2 rdacontenido | ||
| 337 | |a sin mediación |b n |2 rdamedio | ||
| 338 | |a volumen |b nc |2 rdasoporte | ||
| 520 | |a Francisco Villaespesa (1877-1936) poeta y dramaturgo español. Estudia en la Universidad de Granada y se establece en Madrid hacia 1897 en donde publica y funda revistas. Su vida fue bohemia y aventurera. Recorre América, en donde da conferencias, estrena dramas y organiza empresas teatrales, tiene éxito económico pero regresa pobre a España. Obras: en verso, prosa o teatro poético: Intimidaddes (1898), Luchas, Tristitia Rerum, La copa del rey de Thule, El encanto de la Alhambra y Ajimeces de ensueño; dramas: El alcázar de las perlas (1911), Doña María de Padilla (1913), La leona de Castilla (1915) y El rey Galaor (1913), entre otras. | ||
| 649 | |a XX | ||
| 650 | |a Conquistadores en la Literatura | ||
| 650 | |a Exploradores y Viajeros en la Literatura | ||
| 650 | |a Poesía Epica - |z España | ||
| 650 | |a Teatro Español | ||
| 650 | |a Teatro Histórico - |z España | ||
| 650 | |a Literatura Epica - |z España | ||
| 650 | |a Literatura Española - |y Siglo XX | ||
| 650 | |a España - |x Historia - |y Fernando e Isabel, 1479-1516 | ||
| 650 | |a México - |x Historia - |y Descubrimiento y Conquista, 1517-1521 | ||
| 650 | |a Cortés, Hernán - |x Tema Principal | ||
| 910 | |a Fondo General | ||
| 920 | |a Impresos - Libros | ||
| 930 | |a Libros Antiguos y Raros | ||
| 940 | |a Literatura | ||
| 905 | |a 108 | ||
| 901 | |a 0500283154 |b IT2 |c LRA |i D63783 |u 20250526 | ||
| 902 | |a https://opac.biblio.iteso.mx/vufind/Record/000388861 | ||